[Event "Oberliga NRW 1213"]
[Site "Germany"]
[Date "2013.02.17"]
[Round "6.4"]
[White "Borngaesser, Rene"]
[Black "Erwich, Frank"]
[Result "1-0"]
[WhiteElo "2288"]
[BlackElo "2331"]
[PlyCount "133"]
[EventDate "2012.09.16"]
[EventType "team-tourn"]
[EventRounds "9"]
[EventCountry "GER"]
[SourceTitle "EXT 2017"]
[Source "ChessBase"]
[SourceDate "2016.10.25"]
[SourceVersion "1"]
[SourceVersionDate "2016.10.25"]
[SourceQuality "1"]
[WhiteTeam "Duesseldorf"]
[BlackTeam "Erkenschwick"]
[WhiteTeamCountry "GER"]
[BlackTeamCountry "GER"]

1. e4 e5 2. Nf3 Nc6 3. Bc4 Nf6 4. d3 h6 5. Nc3 d6 6. h3 Na5 7. Qe2 Be7 8. Be3 c6 9. a4 Nxc4 10. dxc4 Qc7 11. 0-0 0-0 12. Nh2 Be6 13. Ng4 Nxg4 14. hxg4 Qa5 15. f3 Qb4 16. Qd2 Qxc4 17. b3 Qa6 18. Kf2 Rfd8 19. Rh1 d5 20. Bxh6 Qb6+ 21. Kg3 Qd4 22. Be3 Qxd2 23. Bxd2 d4 24. Nd1 c5 25. Nb2 Rac8 26. Nc4 f6 27. Kf2 b6 28. Ke2 Rc6 29. g5 Bxc4+ 30. bxc4 fxg5 31. a5 Rg6 32. axb6 axb6 33. Ra7 Bd6 34. g4 Rh6 35. Rh5 Rxh5 36. gxh5 Rb8 37. Rd7 Bf8 38. Rd5 b5 39. cxb5 Rxb5 40. Rxe5 Rb2 41. Kd3 Ra2 42. Rxg5 Ra3+ 43. c3 Be7 44. Rd5 Kf7 45. f4 Ke8 46. Kc2 Ra2+ 47. Kd1 Ra1+ 48. Ke2 Rh1 49. cxd4 Rh2+ 50. Kd1 cxd4 51. Kc2 Kf7 52. Kd3 Bf6 53. Bb4 Rh3+ 54. Kc4 Ke8 55. Ra5 Bd8 56. Ra8 Rxh5 57. f5 Kd7 58. Ra7+ Kc6 59. Rxg7 Rh3 60. Rg6+ Kd7 61. e5 Rh8 62. e6+ Kc8 63. f6 d3 64. f7 d2 65. Bxd2 Rh4+ 66. Kd5 Rh5+ 67. Kc6 1-0

[Event "NRW Class2 0304"]
[Site "Germany"]
[Date "2004.01.11"]
[Round "5.1"]
[White "Hintze, Helge"]
[Black "Borngaesser, Rene"]
[Result "1/2-1/2"]
[WhiteElo "2291"]
[BlackElo "2354"]
[PlyCount "47"]
[EventDate "2003.09.28"]
[EventType "team"]
[EventRounds "9"]
[EventCountry "GER"]
[SourceTitle "CBM 098 Extra"]
[Source "ChessBase"]
[SourceDate "2004.03.10"]
[SourceVersion "2"]
[SourceVersionDate "2004.03.10"]
[SourceQuality "1"]
[WhiteTeam "Hagen"]
[BlackTeam "Duesseldorf"]
[WhiteTeamCountry "GER"]
[BlackTeamCountry "GER"]

1. c4 f5 2. Nf3 Nf6 3. g3 g6 4. Bg2 Bg7 5. 0-0 d6 6. d4 0-0 7. Nc3 Nc6 8. d5 Na5 9. Qd3 c5 10. b3 a6 11. Rb1 Rb8 12. Ng5 Bd7 13. e4 b5 14. Bd2 bxc4 15. bxc4 Rb4 16. exf5 Bxf5 17. Nce4 Ra4 18. Bxa5 Qxa5 19. Rb7 Ra3 20. Qb1 Nxe4 21. Bxe4 Qd2 22. Bxf5 Qxg5 23. Be6+ Kh8 24. Rb8 1/2-1/2

[Event "Oberliga NRW 0203 I"]
[Site "Germany"]
[Date "2002.10.06"]
[Round "1.1"]
[White "Kirnos, Evgeni"]
[Black "Borngaesser, Rene"]
[Result "1/2-1/2"]
[WhiteElo "2268"]
[BlackElo "2363"]
[PlyCount "34"]
[EventDate "2002.10.06"]
[EventType "team"]
[EventRounds "9"]
[EventCountry "GER"]
[SourceTitle "EXT 2004"]
[Source "ChessBase"]
[SourceDate "2003.11.25"]
[SourceVersion "1"]
[SourceVersionDate "2003.11.25"]
[SourceQuality "1"]
[WhiteTeam "Minden"]
[BlackTeam "Duesseldorf"]
[WhiteTeamCountry "GER"]
[BlackTeamCountry "GER"]

1. e4 e6 2. d3 d5 3. Nd2 Nf6 4. Ngf3 Nc6 5. g3 dxe4 6. dxe4 e5 7. Bg2 Bc5 8. 0-0 0-0 9. c3 a5 10. Qc2 b6 11. Nb3 Bd6 12. a4 h6 13. Rd1 Bg4 14. Nbd2 Qc8 15. Nc4 Bc5 16. Ne3 Bxe3 17. Bxe3 Qe6 1/2-1/2

[Event "Oberliga NRW 0001 II"]
[Site "NRW"]
[Date "2001.04.22"]
[Round "8.1"]
[White "Borngaesser, Rene"]
[Black "Morawietz, Dieter"]
[Result "1-0"]
[WhiteElo "2359"]
[BlackElo "2393"]
[PlyCount "57"]
[EventDate "2000.09.24"]
[EventType "team"]
[EventRounds "9"]
[EventCountry "GER"]
[SourceTitle "EXT 2006"]
[Source "ChessBase"]
[SourceDate "2005.11.24"]
[SourceVersion "1"]
[SourceVersionDate "2005.11.24"]
[SourceQuality "1"]
[WhiteTeam "Duesseldorf"]
[BlackTeam "Koeln SF"]
[WhiteTeamCountry "GER"]
[BlackTeamCountry "GER"]

1. e4 c5 2. Nc3 e6 3. g3 d5 4. exd5 exd5 5. Bg2 Nf6 6. Nge2 d4 7. Ne4 Nxe4 8. Bxe4 Nd7 9. 0-0 Nf6 10. Bg2 Be7 11. d3 0-0 12. h3 a5 13. a4 Ra6 14. Nf4 g5 15. Nh5 Nxh5 16. Qxh5 Kg7 17. f4 Rh6 18. Qf3 Bxh3 19. fxg5 Bxg5 20. Bxh3 Be3+ 21. Kg2 Qe7 22. Bxe3 dxe3 23. Rae1 Re8 24. Re2 Kh8 25. Qxf7 Qd8 26. Qd7 Qb8 27. Rf7 b6 28. Bf5 Qa8+ 29. Qb7 1-0

[Event "Oberliga NRW 0001 II"]
[Site "NRW"]
[Date "2000.09.24"]
[Round "1.1"]
[White "Borngaesser, Rene"]
[Black "Henrichs, Thomas"]
[Result "0-1"]
[WhiteElo "2359"]
[BlackElo "2449"]
[PlyCount "82"]
[EventDate "2000.09.24"]
[EventType "team"]
[EventRounds "9"]
[EventCountry "GER"]
[SourceTitle "EXT 2006"]
[Source "ChessBase"]
[SourceDate "2005.11.24"]
[SourceVersion "1"]
[SourceVersionDate "2005.11.24"]
[SourceQuality "1"]
[WhiteTeam "Duesseldorf"]
[BlackTeam "Solingen II"]
[WhiteTeamCountry "GER"]
[BlackTeamCountry "GER"]

1. e4 c5 2. Nc3 d6 3. g3 Nc6 4. Bg2 g6 5. d3 Bg7 6. Be3 Rb8 7. a3 b5 8. Rb1 a5 9. f4 b4 10. axb4 axb4 11. Nce2 Bb7 12. Nf3 Nf6 13. b3 Ra8 14. h3 Na7 15. 0-0 Nb5 16. Qd2 Ra2 17. Nc1 Ra6 18. Ne2 Qa8 19. g4 Nd7 20. f5 Ra2 21. Bh6 Rxc2 22. Qxc2 Bxh6 23. Ra1 Na3 24. Qd1 0-0 25. g5 Bg7 26. Ra2 Qa7 27. Kh1 Qb6 28. h4 Nb5 29. h5 d5 30. exd5 gxf5 31. h6 Bh8 32. Nh4 e6 33. Qe1 Ne5 34. Nf4 Nd4 35. Nh5 Nxd3 36. Qg3 Ne5 37. Nf6+ Bxf6 38. gxf6+ Ng6 39. dxe6 Bxg2+ 40. Rxg2 Qxe6 41. Qg5 Qxb3 0-1

[Event "Oberliga NRW 9900 I"]
[Site "Germany"]
[Date "2000.05.11"]
[Round "9.1"]
[White "Dgebuadze, Alexandre"]
[Black "Borngaesser, Rene"]
[Result "1-0"]
[WhiteElo "2505"]
[BlackElo "2345"]
[PlyCount "71"]
[EventDate "1999.10.26"]
[EventType "team"]
[EventRounds "9"]
[EventCountry "GER"]
[SourceTitle "EXT 2001"]
[Source "ChessBase"]
[SourceDate "2000.11.22"]
[SourceVersion "1"]
[SourceVersionDate "2000.11.22"]
[SourceQuality "1"]
[WhiteTeam "Lohmar"]
[BlackTeam "Duesseldorf"]
[WhiteTeamCountry "GER"]
[BlackTeamCountry "GER"]

1. e4 e6 2. d3 d5 3. Qe2 dxe4 4. dxe4 e5 5. Nf3 c6 6. Nbd2 Qc7 7. Nc4 f6 8. a4 Be6 9. Be3 Ne7 10. g3 Nc8 11. Nfd2 Nd7 12. Bh3 Bxh3 13. Qh5+ g6 14. Qxh3 Nc5 15. a5 Qd7 16. Qh4 Qe6 17. f4 exf4 18. Qxf4 Nd6 19. e5 Nxc4 20. Nxc4 0-0-0 21. 0-0 f5 22. Nd6+ Bxd6 23. exd6 Ne4 24. Bxa7 Qxd6 25. Qe3 c5 26. b4 Qd4 27. Qxd4 Rxd4 28. bxc5 Rc4 29. a6 bxa6 30. Rxa6 Kb7 31. Rb6+ Kc7 32. Rfb1 Nxc5 33. Bb8+ Kd7 34. Rd1+ Ke8 35. Rc6 Kf8 36. Be5 1-0

[Event "Oberliga NRW 9900 I"]
[Site "Germany"]
[Date "2000.01.19"]
[Round "4.1"]
[White "Borngaesser, Rene"]
[Black "Fleck, Juergen"]
[Result "1/2-1/2"]
[WhiteElo "2345"]
[BlackElo "2375"]
[PlyCount "22"]
[EventDate "1999.10.26"]
[EventType "team"]
[EventRounds "9"]
[EventCountry "GER"]
[SourceTitle "EXT 2001"]
[Source "ChessBase"]
[SourceDate "2000.11.22"]
[SourceVersion "1"]
[SourceVersionDate "2000.11.22"]
[SourceQuality "1"]
[WhiteTeam "Duesseldorf"]
[BlackTeam "Duisburg II"]
[WhiteTeamCountry "GER"]
[BlackTeamCountry "GER"]

1. d4 Nf6 2. Nf3 e6 3. e3 b6 4. Bd3 Bb7 5. Nbd2 c5 6. 0-0 Be7 7. b3 0-0 8. Bb2 cxd4 9. exd4 d6 10. Re1 Nbd7 11. c4 Re8 1/2-1/2

[Event "Oberliga NRW 9900 I"]
[Site "Germany"]
[Date "1999.12.20"]
[Round "3.1"]
[White "Borngaesser, Rene"]
[Black "Claesen, Pieter"]
[Result "1/2-1/2"]
[WhiteElo "2345"]
[BlackElo "2410"]
[PlyCount "61"]
[EventDate "1999.10.26"]
[EventType "team"]
[EventRounds "9"]
[EventCountry "GER"]
[SourceTitle "EXT 2001"]
[Source "ChessBase"]
[SourceDate "2000.11.22"]
[SourceVersion "1"]
[SourceVersionDate "2000.11.22"]
[SourceQuality "1"]
[WhiteTeam "Duesseldorf"]
[BlackTeam "Uebach Palenberg"]
[WhiteTeamCountry "GER"]
[BlackTeamCountry "GER"]

1. e4 c6 2. d4 g6 3. Nc3 d5 4. e5 Nh6 5. h4 f6 6. h5 fxe5 7. hxg6 hxg6 8. dxe5 Qb6 9. Be3 Qxb2 10. Bd4 Nf5 11. Rxh8 Nxd4 12. Kd2 Bf5 13. Rb1 Qa3 14. Bd3 Nd7 15. f4 0-0-0 16. Qc1 Qa5 17. Qb2 Qc7 18. Nxd5 cxd5 19. Qxd4 e6 20. Qxa7 Bxd3 21. Qa8+ Nb8 22. cxd3 Bb4+ 23. Rxb4 Rxh8 24. Nh3 Rh7 25. Rb1 Qd8 26. Ng5 Rc7 27. Nxe6 Qh4 28. Nxc7 Qf2+ 29. Kc3 Qc5+ 30. Kb3 Qb6+ 31. Kc2 1/2-1/2

[Event "Oberliga NRW 9899 I"]
[Site "Germany"]
[Date "1999.??.??"]
[Round "8.1"]
[White "Borngaesser, Rene"]
[Black "Souleidis, Georgios"]
[Result "1/2-1/2"]
[WhiteElo "2350"]
[BlackElo "2345"]
[PlyCount "43"]
[EventDate "1998.10.10"]
[EventType "team"]
[EventRounds "9"]
[EventCountry "GER"]
[SourceTitle "EXT 2000"]
[Source "ChessBase"]
[SourceDate "1999.11.16"]
[SourceVersion "1"]
[SourceVersionDate "1999.11.16"]
[SourceQuality "1"]
[WhiteTeam "Duesseldorf"]
[BlackTeam "Ruhrtal Wetter"]
[WhiteTeamCountry "GER"]
[BlackTeamCountry "GER"]

1. c4 g6 2. Nc3 Bg7 3. g3 d6 4. Bg2 e5 5. e3 Ne7 6. Nge2 0-0 7. 0-0 Nbc6 8. d3 Be6 9. Nd5 Qd7 10. Rb1 Nd8 11. Nxe7+ Qxe7 12. b3 Qd7 13. d4 exd4 14. Nxd4 Bh3 15. Bb2 Bxg2 16. Kxg2 Ne6 17. Nb5 Rad8 18. Bxg7 Kxg7 19. Nc3 f5 20. Qd2 c6 21. Rbd1 Kg8 22. Qc2 1/2-1/2

[Event "Oberliga NRW 9899 I"]
[Site "Germany"]
[Date "1998.12.03"]
[Round "3.1"]
[White "Borngaesser, Rene"]
[Black "Miezis, Normunds"]
[Result "1-0"]
[WhiteElo "2350"]
[BlackElo "2505"]
[PlyCount "119"]
[EventDate "1998.10.10"]
[EventType "team"]
[EventRounds "9"]
[EventCountry "GER"]
[SourceTitle "EXT 2000"]
[Source "ChessBase"]
[SourceDate "1999.11.16"]
[SourceVersion "1"]
[SourceVersionDate "1999.11.16"]
[SourceQuality "1"]
[WhiteTeam "Duesseldorf"]
[BlackTeam "Godesberg II"]
[WhiteTeamCountry "GER"]
[BlackTeamCountry "GER"]

1. c4 c5 2. Nc3 Nc6 3. g3 g6 4. Bg2 Bg7 5. e3 e5 6. Nge2 Nge7 7. 0-0 a6 8. f4 0-0 9. fxe5 Nxe5 10. d3 Rb8 11. b3 Nf5 12. d4 Ng4 13. Qd3 Re8 14. Rxf5 gxf5 15. h3 Nf6 16. dxc5 Ne4 17. Rb1 Nxc3 18. Nxc3 Qc7 19. Bb2 Qxg3 20. Nd5 Re6 21. Bxg7 Kxg7 22. Rf1 d6 23. Qxf5 Qg6 24. Qf4 Re5 25. cxd6 f6 26. Qd4 Rxd5 27. Qxd5 Bxh3 28. Kh2 Bd7 29. Qd4 Rg8 30. Bd5 Qh5+ 31. Kg1 Qg6+ 32. Kf2 Qc2+ 33. Kf3 Qf5+ 34. Qf4 Qh5+ 35. Kf2 Rf8 36. Rg1+ Kh8 37. Ke1 Bf5 38. Qd4 Bg6 39. Qf4 Qh3 40. Rh1 Qd7 41. c5 Qb5 42. Qd4 Qa5+ 43. b4 Qa3 44. Kd2 Qa4 45. e4 a5 46. Rb1 axb4 47. Rxb4 Qa5 48. Qc3 Qa6 49. Kc2 Qe2+ 50. Kb3 Qd1+ 51. Kb2 Qe2+ 52. Ka1 Qf1+ 53. Rb1 Qf2 54. Bxb7 Bf7 55. Bd5 Bxd5 56. exd5 Ra8 57. a3 Qf5 58. c6 Kg7 59. Qg3+ Kh8 60. Rg1 1-0

[Event "Oberliga NRW 9798 II"]
[Site "Germany"]
[Date "1998.??.??"]
[Round "5.1"]
[White "Borngaesser, Rene"]
[Black "Bokelbrink, Uwe"]
[Result "1/2-1/2"]
[WhiteElo "2350"]
[BlackElo "2250"]
[PlyCount "64"]
[EventDate "1997.10.??"]
[EventType "team"]
[EventRounds "9"]
[EventCountry "GER"]
[SourceTitle "EXT 1999"]
[Source "ChessBase"]
[SourceDate "1998.11.16"]
[SourceVersion "1"]
[SourceVersionDate "1998.11.16"]
[SourceQuality "1"]
[WhiteTeam "Duesseldorf"]
[BlackTeam "Herford"]
[WhiteTeamCountry "GER"]
[BlackTeamCountry "GER"]

1. e4 c5 2. Nc3 Nc6 3. g3 g6 4. Bg2 Bg7 5. d3 Rb8 6. Nh3 b5 7. 0-0 Nd4 8. Nd5 e6 9. Ne3 Ne7 10. Ng4 0-0 11. e5 Nef5 12. Bg5 Qc7 13. Nf6+ Kh8 14. g4 h6 15. gxf5 hxg5 16. f4 Nxf5 17. Nxg5 Bb7 18. Be4 Bh6 19. Qg4 Kg7 20. Rae1 Rh8 21. Bxb7 Bxg5 22. Qxg5 Qxb7 23. Ne4 Qb6 24. Qf6+ Kg8 25. Ng5 Rf8 26. c3 b4 27. c4 Qa5 28. Ra1 Rh4 29. Rf2 Ne3 30. Ne4 Rh3 31. Qg5 Qc7 32. Nf6+ Kg7 1/2-1/2

[Event "Oberliga NRW 9697 I"]
[Site "Germany"]
[Date "1997.??.??"]
[Round "7.1"]
[White "Roeder, Mathias"]
[Black "Borngaesser, Rene"]
[Result "1-0"]
[WhiteElo "2460"]
[BlackElo "2360"]
[PlyCount "45"]
[EventDate "1996.10.??"]
[EventType "team"]
[EventRounds "9"]
[EventCountry "GER"]
[SourceTitle "EXT 1998"]
[Source "ChessBase"]
[SourceDate "1997.11.17"]
[SourceVersion "1"]
[SourceVersionDate "1997.11.17"]
[SourceQuality "1"]
[WhiteTeam "Aachen"]
[BlackTeam "Duesseldorf"]
[WhiteTeamCountry "GER"]
[BlackTeamCountry "GER"]

1. d4 g6 2. e4 Bg7 3. c4 d6 4. Nc3 e5 5. d5 Ne7 6. h4 h6 7. h5 f5 8. hxg6 c6 9. Nge2 f4 10. g3 cxd5 11. cxd5 Bg4 12. gxf4 exf4 13. Bh3 Bxh3 14. Rxh3 Nxg6 15. Nxf4 Nxf4 16. Bxf4 0-0 17. Bxh6 Bxh6 18. Rxh6 Qg5 19. Qh5 Qg1+ 20. Kd2 Rxf2+ 21. Ne2 Rxe2+ 22. Kxe2 Qg2+ 23. Ke3 1-0

[Event "Essen op"]
[Site "Essen"]
[Date "1996.??.??"]
[Round "?"]
[White "Borngaesser, Rene"]
[Black "Lau, Ralf"]
[Result "0-1"]
[WhiteElo "2350"]
[BlackElo "2495"]
[PlyCount "42"]
[EventDate "1996.04.05"]
[EventType "swiss"]
[EventRounds "7"]
[EventCountry "GER"]
[SourceTitle "EXT 1999"]
[Source "ChessBase"]
[SourceDate "1998.11.16"]
[SourceVersion "1"]
[SourceVersionDate "1998.11.16"]
[SourceQuality "1"]

1. e4 c5 2. Nf3 e6 3. d4 cxd4 4. Nxd4 a6 5. Bd3 Nf6 6. 0-0 Qc7 7. Qe2 d6 8. c4 g6 9. f4 Bg7 10. Nf3 0-0 11. Nc3 b6 12. Bd2 Bb7 13. Rac1 Nbd7 14. b4 Rac8 15. Qf2 Qb8 16. Qh4 b5 17. cxb5 axb5 18. Bxb5 Bxe4 19. Bxd7 Qa7+ 20. Kh1 Qxd7 21. b5 Bd3 0-1

[Event "Essen op"]
[Site "Essen"]
[Date "1996.??.??"]
[Round "?"]
[White "Mueller, Hans Dieter"]
[Black "Borngaesser, Rene"]
[Result "0-1"]
[WhiteElo "2152"]
[BlackElo "2350"]
[PlyCount "90"]
[EventDate "1996.04.05"]
[EventType "swiss"]
[EventRounds "7"]
[EventCountry "GER"]
[SourceTitle "EXT 1999"]
[Source "ChessBase"]
[SourceDate "1998.11.16"]
[SourceVersion "1"]
[SourceVersionDate "1998.11.16"]
[SourceQuality "1"]

1. d4 Nf6 2. Nf3 g6 3. c4 Bg7 4. Nc3 0-0 5. e4 d6 6. Be2 e5 7. dxe5 dxe5 8. Qxd8 Rxd8 9. Bg5 Re8 10. Rd1 h6 11. Bxf6 Bxf6 12. Nd5 Bd8 13. Nxe5 c6 14. Nc3 Bf6 15. f4 Bxe5 16. fxe5 Be6 17. 0-0 h5 18. Rd6 Nd7 19. Nd5 cxd5 20. cxd5 Nxe5 21. dxe6 Rxe6 22. Rxe6 fxe6 23. Rc1 Rd8 24. Kf2 Rd2 25. Rc8+ Kf7 26. Rc7+ Rd7 27. Rc2 Kf6 28. Ke3 Re7 29. Rc1 Nf7 30. h4 b6 31. b4 Ke5 32. a4 Nd6 33. Bd3 Rg7 34. a5 g5 35. axb6 axb6 36. hxg5 Rxg5 37. Rc6 Rg3+ 38. Ke2 h4 39. Rxb6 Rxg2+ 40. Ke3 Rg3+ 41. Ke2 h3 42. Rb8 Nf7 43. Ba6 Ra3 44. Rb5+ Kf4 45. Rh5 Kg4 0-1

[Event "Duesseldorf"]
[Site "Duesseldorf"]
[Date "1995.??.??"]
[Round "7"]
[White "Borngaesser, Rene"]
[Black "De Gleria, Francesco"]
[Result "1-0"]
[WhiteElo "2355"]
[BlackElo "2140"]
[PlyCount "75"]
[EventDate "1995.??.??"]
[EventType "tourn"]
[EventRounds "9"]
[EventCountry "GER"]
[EventCategory "2"]
[SourceTitle "EXT 1997"]
[Source "ChessBase"]
[SourceDate "1996.11.15"]
[SourceVersion "1"]
[SourceVersionDate "1996.11.15"]
[SourceQuality "1"]

1. c4 g6 2. Nc3 Bg7 3. g3 d6 4. Bg2 f5 5. d4 Nf6 6. d5 0-0 7. Nh3 c5 8. 0-0 Na6 9. Nf4 Nc7 10. Rb1 Rb8 11. Qc2 Qe8 12. b3 h6 13. Nd3 g5 14. Bd2 Qh5 15. f3 e5 16. dxe6 Bxe6 17. Nf2 b6 18. Rbe1 d5 19. cxd5 Nfxd5 20. e4 Nb4 21. Qc1 f4 22. gxf4 gxf4 23. a3 Nc6 24. Nd3 Bd4+ 25. Kh1 Ne5 26. Nxe5 Bxe5 27. Nd5 Nxd5 28. exd5 Bxd5 29. Rg1 Rf7 30. Rxe5 Qxe5 31. Bc3 Qe3 32. Qc2 Rg7 33. Bxg7 Kxg7 34. Qf5 Bf7 35. Bh3+ Kf8 36. Qf6 Re8 37. Qd6+ Re7 38. Qxh6+ 1-0

[Event "Duesseldorf"]
[Site "Duesseldorf"]
[Date "1995.??.??"]
[Round "1"]
[White "Borngaesser, Rene"]
[Black "Duesterwald, Marc"]
[Result "1-0"]
[WhiteElo "2355"]
[BlackElo "2250"]
[PlyCount "47"]
[EventDate "1995.??.??"]
[EventType "tourn"]
[EventRounds "9"]
[EventCountry "GER"]
[EventCategory "2"]
[SourceTitle "EXT 1997"]
[Source "ChessBase"]
[SourceDate "1996.11.15"]
[SourceVersion "1"]
[SourceVersionDate "1996.11.15"]
[SourceQuality "1"]

1. e4 c5 2. c3 Qa5 3. Nf3 e6 4. Bd3 Nc6 5. 0-0 Nge7 6. Na3 a6 7. Re1 d5 8. Bc2 d4 9. Nc4 Qc7 10. e5 Nd5 11. a4 Be7 12. Qe2 b6 13. Qe4 Bb7 14. Qg4 g6 15. Be4 h5 16. Qg3 0-0-0 17. cxd4 cxd4 18. d3 Bc5 19. Bg5 Nce7 20. Rec1 Rdf8 21. b4 Nc3 22. Rxc3 Bxe4 23. Nxb6+ Kb7 24. Rxc5 1-0

[Event "Katowice op"]
[Site "Katowice"]
[Date "1995.??.??"]
[Round "6"]
[White "Borngaesser, Rene"]
[Black "Goloshchapov, Alexander"]
[Result "0-1"]
[WhiteElo "2365"]
[BlackElo "2200"]
[PlyCount "78"]
[EventDate "1995.??.??"]
[EventType "swiss"]
[EventRounds "9"]
[EventCountry "POL"]
[SourceTitle "EXT 2000"]
[Source "ChessBase"]
[SourceDate "1999.11.16"]
[SourceVersion "1"]
[SourceVersionDate "1999.11.16"]
[SourceQuality "1"]

1. e4 c5 2. c3 Nf6 3. e5 Nd5 4. d4 cxd4 5. Nf3 Nc6 6. Bc4 Nb6 7. Bb3 d5 8. exd6 Qxd6 9. 0-0 Be6 10. Na3 dxc3 11. Qe2 Bxb3 12. Nb5 Qb8 13. axb3 e6 14. Rd1 Be7 15. Nxc3 0-0 16. Qe4 e5 17. Nd5 Nxd5 18. Rxd5 f6 19. Be3 Qc8 20. Qc4 Kh8 21. h4 Rd8 22. Rxd8+ Qxd8 23. h5 Qe8 24. Qg4 Qc8 25. Qc4 Qf5 26. h6 gxh6 27. Nh4 Qh5 28. Qe4 Rg8 29. f3 Rd8 30. Rc1 Bf8 31. Nf5 Qg6 32. Kf2 h5 33. Rh1 Ne7 34. Ng3 Rd3 35. Qxb7 Rxe3 36. Qb8 Qc2+ 37. Kg1 Re1+ 38. Kh2 Rxh1+ 39. Kxh1 Kg8 0-1

[Event "Duesseldorf Nord Cup 1st"]
[Site "Duesseldorf"]
[Date "1995.??.??"]
[Round "3"]
[White "Borngaesser, Rene"]
[Black "Henk, Martin"]
[Result "1-0"]
[WhiteElo "2365"]
[BlackElo "2055"]
[PlyCount "67"]
[EventDate "1995.06.02"]
[EventType "swiss"]
[EventRounds "7"]
[EventCountry "GER"]
[SourceTitle "EXT 1999"]
[Source "ChessBase"]
[SourceDate "1998.11.16"]
[SourceVersion "1"]
[SourceVersionDate "1998.11.16"]
[SourceQuality "1"]

1. e4 e5 2. Nf3 Nc6 3. Bc4 Bc5 4. b4 Bxb4 5. c3 Be7 6. d4 Na5 7. Be2 exd4 8. Qxd4 Nf6 9. e5 Nc6 10. Qh4 Nd5 11. Qg3 g6 12. 0-0 d6 13. Rd1 Nb6 14. c4 Bd7 15. Bh6 dxe5 16. Nc3 f6 17. Ne4 Na4 18. Rd5 Nb4 19. Rxe5 fxe5 20. Qxe5 Rf8 21. Bxf8 Nc6 22. Qg7 Nc3 23. Bxe7 Nxe2+ 24. Kf1 Qxe7 25. Nf6+ Kd8 26. Qh8+ Be8 27. Rd1+ Kc8 28. Nxe8 Nd8 29. Re1 Nf7 30. Nd6+ Kd7 31. Qxa8 Qxd6 32. Rxe2 Qd1+ 33. Re1 Qd3+ 34. Kg1 1-0

[Event "Duesseldorf Nord Cup 1st"]
[Site "Duesseldorf"]
[Date "1995.??.??"]
[Round "4"]
[White "Hoffmann, Ulrich"]
[Black "Borngaesser, Rene"]
[Result "0-1"]
[WhiteElo "2060"]
[BlackElo "2365"]
[PlyCount "64"]
[EventDate "1995.06.02"]
[EventType "swiss"]
[EventRounds "7"]
[EventCountry "GER"]
[SourceTitle "EXT 1999"]
[Source "ChessBase"]
[SourceDate "1998.11.16"]
[SourceVersion "1"]
[SourceVersionDate "1998.11.16"]
[SourceQuality "1"]

1. Nf3 d5 2. c4 c6 3. g3 Nf6 4. Bg2 g6 5. d4 Bg7 6. 0-0 0-0 7. Nc3 dxc4 8. e4 b5 9. Ne5 Bb7 10. a4 a6 11. Be3 Nbd7 12. f4 Nxe5 13. dxe5 Nd7 14. e6 fxe6 15. Bh3 Kh8 16. e5 Qc7 17. Bxe6 Nxe5 18. Bd4 Nd3 19. Bxg7+ Kxg7 20. Qe2 Qb6+ 21. Kg2 Qd4 22. Bg4 e5 23. f5 c5+ 24. Kh3 b4 25. Nd1 gxf5 26. Rxf5 Rxf5 27. Bxf5 Rf8 28. Qh5 Rxf5 29. Qxf5 Qd8 30. Qg4+ Kh8 31. Qxc4 Qg5 32. Qh4 Nf4+ 0-1

[Event "Duesseldorf"]
[Site "Duesseldorf"]
[Date "1995.??.??"]
[Round "6"]
[White "Koch, Wolfgang Max"]
[Black "Borngaesser, Rene"]
[Result "1-0"]
[WhiteElo "2315"]
[BlackElo "2355"]
[PlyCount "79"]
[EventDate "1995.??.??"]
[EventType "tourn"]
[EventRounds "9"]
[EventCountry "GER"]
[EventCategory "2"]
[SourceTitle "EXT 1997"]
[Source "ChessBase"]
[SourceDate "1996.11.15"]
[SourceVersion "1"]
[SourceVersionDate "1996.11.15"]
[SourceQuality "1"]

1. d4 d6 2. c4 e5 3. Nf3 e4 4. Ng5 f5 5. g3 Nf6 6. Nc3 h6 7. Nh3 g5 8. Bg2 Bg7 9. f3 0-0 10. Nf2 Qe7 11. fxe4 fxe4 12. Be3 Bf5 13. Qd2 Re8 14. g4 Bg6 15. h4 Nbd7 16. Rh3 c5 17. hxg5 hxg5 18. Bxg5 Nb6 19. e3 cxd4 20. Qxd4 Qf7 21. Bxf6 Bxf6 22. Qxd6 Nxc4 23. Qb4 a5 24. Qb5 Re5 25. Qb3 Rae8 26. Rc1 Nd6 27. Qxf7+ Nxf7 28. Rh1 Ng5 29. Ke2 Bf7 30. b3 b5 31. Rhd1 b4 32. Na4 Rd8 33. Rxd8+ Bxd8 34. Rc8 Re8 35. Nxe4 Nxe4 36. Bxe4 Be6 37. Ra8 Bxg4+ 38. Bf3 Bf5 39. Nc5 Kf8 40. Bc6 1-0

[Event "Duesseldorf"]
[Site "Duesseldorf"]
[Date "1995.??.??"]
[Round "2"]
[White "Zimmermann, Rolf"]
[Black "Borngaesser, Rene"]
[Result "0-1"]
[WhiteElo "2215"]
[BlackElo "2355"]
[PlyCount "106"]
[EventDate "1995.??.??"]
[EventType "tourn"]
[EventRounds "9"]
[EventCountry "GER"]
[EventCategory "2"]
[SourceTitle "EXT 1997"]
[Source "ChessBase"]
[SourceDate "1996.11.15"]
[SourceVersion "1"]
[SourceVersionDate "1996.11.15"]
[SourceQuality "1"]

1. c4 f5 2. d4 Nf6 3. g3 e6 4. Bg2 d5 5. Bg5 c6 6. Nd2 Nbd7 7. Ngf3 h6 8. Bxf6 Qxf6 9. e3 Bd6 10. a3 0-0 11. h4 b6 12. b4 Bb7 13. Qb3 Rac8 14. Rc1 g6 15. cxd5 exd5 16. 0-0 Kg7 17. b5 c5 18. dxc5 bxc5 19. Qc3 Qxc3 20. Rxc3 Nb6 21. a4 a6 22. bxa6 Bxa6 23. Rb1 Rb8 24. a5 Na4 25. Rcc1 Rxb1 26. Rxb1 Rb8 27. Rxb8 Bxb8 28. Ne1 Nc3 29. Nb3 Bd6 30. Bf1 c4 31. Nd4 Kf6 32. Nec2 Bb7 33. Ne2 Nxe2+ 34. Bxe2 Bc7 35. h5 g5 36. g4 f4 37. e4 Bxa5 38. exd5 Bxd5 39. f3 Ke5 40. Kf2 Be6 41. Bd1 Kd5 42. Kf1 Kc5 43. Ke2 Bg8 44. Kf1 Bh7 45. Kf2 Bd3 46. Na3 Bb4 47. Nxc4 Kxc4 48. Ba4 Kc3 49. Bc6 Kd2 50. Bb7 Bc5+ 51. Kg2 Ke1 52. Bc6 Bf1+ 53. Kh2 Kf2 0-1